000 00269pam a2200121 a 4500
020 _c
041 _h
100 _aS.H. HOWARD.,
_eAUTHOR.
245 _aFOREST POCKET BOOK
_hTextual Documents
260 _a[s.l]:
_bNATRAJ PUBLISHERS.
300 _a555.
930 _a2753
999 _c248604
_d248604